000
00350nam a2200157Ia 4500
100
_a
Atkinson/Frank
650
_a
time management
942
_c
BK
366
_f
28
654
_a
time management
245
_a
Successful time management
260
_b
Jaico Publishing House
_c
2015
082
_b
ATK
546
_a
ENGLISH
_c
Computers
999
_c
33100
_d
33100